Electroanalytical Methods in Pharmaceutical Analysis and Their Validation

Enregistré dans:
Détails bibliographiques
Auteur principal: Ozkan, Sibel A.
Format: Livre
Langue:anglais
Publié: New York HNB Publishing 2012
Sujets:
Accès en ligne:Voir à l'OPAC
Tags: Ajouter un tag
Pas de tags, Soyez le premier à ajouter un tag!

MARC

LEADER 00000nam a2200000 a 4500
005 20260127134412.0
008 131023 2013 000 0 eng d
020 |a 9780966428674 
035 |a vtls010553131 
039 9 |y 201310231311  |z mschk03 
040 |a STUSCHK1  |b slo  |c STUSCHK1  |e AACR2 
100 1 |a Ozkan, Sibel A. 
245 1 |a Electroanalytical Methods in Pharmaceutical Analysis and Their Validation  |c Sibel A. Ozkan 
260 |a New York  |b HNB Publishing  |c 2012 
300 |a 350 s.  |b il.  |c 23,5 cm. 
500 |a Obsahuje index. 
650 0 |a Electoanalytical Methods 
650 0 |a Pharmaceutical analysis 
910 |a SCHK95 
919 |a 978-0-96642-867-4 
999 |c 11899  |d 11899